Online
Catalog

Partidos políticos en la sociedad dominicana 1844-2004 / (Record no. 751)

MARC details
000 -CABECERA
campo de control de longitud fija 02389nam a2200313 a 4500
001 - NÚMERO DE CONTROL
campo de control 000000755
003 - IDENTIFICADOR DEL NÚMERO DE CONTROL
campo de control DO-SdBNP
005 - FECHA Y HORA DE LA ÚLTIMA TRANSACCIÓN
campo de control 20250401135254.0
007 - CAMPO FIJO DE DESCRIPCIÓN FÍSICA--INFORMACIÓN GENERAL
campo de control de longitud fija ta
008 - DATOS DE LONGITUD FIJA--INFORMACIÓN GENERAL
campo de control de longitud fija 090509s2004 dr 000 0 spa d
020 ## - NÚMERO INTERNACIONAL ESTÁNDAR DEL LIBRO
Número Internacional Estándar del Libro 9993404535
040 ## - FUENTE DE LA CATALOGACIÓN
Centro catalogador/agencia de origen DO-SdBNP
Lengua de catalogación spa
Centro/agencia transcriptor BNPHU
082 #4 - NÚMERO DE LA CLASIFICACIÓN DECIMAL DEWEY
Número de clasificación 324.27293
Número de documento/Ítem J96p, 2004
Número de edición 22
100 1# - ENTRADA PRINCIPAL--NOMBRE DE PERSONA
Nombre de persona Justo Duarte, Amaury,
Fechas asociadas al nombre 1942-
9 (RLIN) 8575
245 10 - MENCIÓN DE TÍTULO
Título Partidos políticos en la sociedad dominicana 1844-2004 /
Mención de responsabilidad, etc. Amaury Justo Duarte.
250 ## - MENCIÓN DE EDICIÓN
Mención de edición 2a. ed.
260 ## - PUBLICACIÓN, DISTRIBUCIÓN, ETC.
Lugar de publicación, distribución, etc. Santo Domingo :
Nombre del editor, distribuidor, etc. Búho,
Fecha de publicación, distribución, etc. 2004.
300 ## - DESCRIPCIÓN FÍSICA
Extensión 381 p. ;
Dimensiones 23 cm.
500 ## - NOTA GENERAL
Nota general Incluye datos biográficos del autor en la solapa de la cubierta
500 ## - NOTA GENERAL
Nota general Incluye referencias bibliográficas y notas al pie de las páginas
504 ## - NOTA DE BIBLIOGRAFÍA, ETC.
Nota de bibliografía, etc. Bibliografía : p. 377-381
505 2# - NOTA DE CONTENIDO CON FORMATO
Nota de contenido con formato Introducción general --
Información miscelánea Primera Parte.
Título (1844-1899) --
-- Resumen --
-- Las organizaciones políticas en la Primera República --
-- Las organizaciones políticas después de la restauración -- .
Información miscelánea Segunda Parte.
Título (1900-1930) --
-- Resumen --
-- Las organizaciones políticas a principios del siglo XX --
-- Las organizaciones políticas durante la ocupación militar (1916-1924) --
-- Las organizaciones políticas en el gobierno de Horacio Vasquez (1924-1930) --
Información miscelánea Tercera Parte.
Título (1930-1961) --
-- Resumen --
-- Las organizaciones políticas en la dictadura de Trujillo (1930-1961) --
Información miscelánea Cuarta Parte.
Título 1961-1965 --
-- Resumen --
-- Las organizaciones políticas a la caida de la dictadura -- La corriente conservada --
-- La corriente liberal --
-- Otros grupos políticos liberales --
-- La corriente revolucionaria--
Información miscelánea Quinta Parte.
Título (1965-1978) --
-- Resumen --
-- Las organizaciones políticas a partir de la intervención norteamericana --
-- La corriente conservadora --
-- La corriente liberal --
-- La corriente revolucionaria --
-- Sexta Parte.
-- (1978-1998) --
-- Resumen --
-- Las organizaciones políticas desde el gobierno de Antonio Guzmán hasta el régimen de Leonel Fernández --
-- La corriente conservadora --
-- La corriente liberal --
-- La corriente revolucionaria --
-- Bibliografía --
-- Índice general.
590 ## - NOTA LOCAL (RLIN)
Nota local Inventariado, 2020/VM
650 #4 - PUNTO DE ACCESO ADICIONAL DE MATERIA--TÉRMINO DE MATERIA
Término de materia o nombre geográfico como elemento de entrada Partidos políticos
Subdivisión geográfica República Dominicana
Subdivisión cronológica 1844-2004
9 (RLIN) 2583
651 #4 - PUNTO DE ACCESO ADICIONAL DE MATERIA--NOMBRE GEOGRÁFICO
Nombre geográfico República Dominicana
Subdivisión general Política y gobierno
Subdivisión cronológica 1844-2004
9 (RLIN) 2584
651 #4 - PUNTO DE ACCESO ADICIONAL DE MATERIA--NOMBRE GEOGRÁFICO
Nombre geográfico República Dominicana
Subdivisión general Historia
Subdivisión cronológica 1844-2004
9 (RLIN) 2585
910 ## - DATOS DE OPCIÓN DEL USUARIO (OCLC)
Datos de opción del usuario VMateo /Validado. Control de calidad MFF
942 ## - ELEMENTOS DE PUNTO DE ACCESO ADICIONAL (KOHA)
Fuente del sistema de clasificación o colocación Dewey Decimal Classification
Tipo de ítem Koha Libro
Holdings
Estado de retiro Estado de pérdida Fuente del sistema de clasificación o colocación Restricciones de uso No para préstamo Código de colección Localización permanente Ubicación/localización actual Ubicación en estantería Fecha de adquisición Número de inventario Signatura topográfica completa Código de barras Fecha visto por última vez Precio válido a partir de Tipo de ítem Koha
    Dewey Decimal Classification Excluido de préstamo   Patrimonio Dominicano Biblioteca Nacional Pedro Henríquez Ureña Biblioteca Nacional Pedro Henríquez Ureña Depósito 25.08.2009 BNPHU PD 324.27293 J96p 2004 755-10 25.06.2020 25.06.2020 Libro

Powered by Koha